[Event "80th ch-St Petersburg SF w"]
[Site "St Petersburg RUS"]
[Date "2012.02.03"]
[Round "7.6"]
[White "Zavgorodniaya,A"]
[Black "Efremova,D"]
[Result "1-0"]
[WhiteElo "1873"]
[BlackElo "1931"]

1.e4 c5 2.Nf3 d6 3.Bb5+ Bd7 4.Bxd7+ Qxd7 5.O-O Nc6 6.Qe2 e5 7.c3 Nf6 8.Rd1 Be7
9.d4 Qg4 10.d5 Nd8 11.Nbd2 h5 12.h3 Qf4 13.g3 Qh6 14.Nh4 g6 15.Qb5+ Nd7 16.Nc4 Qg7
17.f4 a6 18.Qb3 b5 19.Na3 Bxh4 20.gxh4 Qf6 21.Rf1 Qxh4 22.Kh2 Nf6 23.Qc2 O-O
24.Qg2 Ra7 25.Kg1 Re7 26.Bd2 Nh7 27.f5 Qf6 28.Kh2 Kh8 29.Qe2 Qh4 30.fxg6 fxg6
31.Rxf8+ Nxf8 32.Rg1 Nf7 33.Qf3 g5 34.Bxg5  1-0

[Event "85th ch-St Petersburg SF"]
[Site "St Petersburg RUS"]
[Date "2012.02.03"]
[Round "7.16"]
[White "Ivanov,Mir"]
[Black "Gorjunov,S2"]
[Result "0-1"]
[WhiteElo "2070"]
[BlackElo "2088"]

1.e4 c5 2.Nf3 d6 3.Bb5+ Nd7 4.d4 Nf6 5.Nc3 a6 6.Bxd7+ Nxd7 7.Be3 e6 8.dxc5 dxc5
9.O-O Be7 10.a4 O-O 11.Qe2 Qc7 12.Rfd1 b6 13.Qd2 Rd8 14.Bf4 Qa7 15.Qe2 Nf8
16.e5 Bb7 17.Ne4 Ng6 18.Bg3 Bc6 19.h4 Qb7 20.Re1 h6 21.h5 Nf8 22.Nfd2 Rd4
23.b3 Rad8 24.c3 R4d7 25.Qg4 Rxd2 26.Nxd2 Rxd2 27.Bf4 Bg5 28.Bxg5 hxg5 29.Qxg5 Qd7
30.Re3 Rd1+ 31.Rxd1 Qxd1+ 32.Kh2 Nh7 33.Qh4 Qd5 34.Qg4 Kh8 35.f4 f5 36.Qg3 Qd1
37.Qh4 Be8 38.Rh3 Qd2 39.c4 b5 40.cxb5 axb5 41.a5 Qd7 42.Rc3 Qc7 43.Rd3 Kg8
44.Rg3 Kf8 45.h6 g6 46.a6 c4 47.bxc4 bxc4 48.Ra3 c3 49.Qe1 Nf6 50.Qxc3 Ng4+
51.Kh1 Qd8 52.Qb4+ Kg8 53.h7+ Kxh7 54.Qe1 Bc6 55.a7 Qd5 56.Qh4+ Kg8 57.a8=Q+ Bxa8
58.Rxa8+ Qxa8 59.Qe1 Qe4 60.Qc1 Qb7 61.Kg1 Kg7 62.Qe1 Qa7+ 63.Kh1 Qd4 64.Qc1 Qd1+  0-1

[Event "FSFMB February"]
[Site "Budapest HUN"]
[Date "2012.02.04"]
[Round "1.1"]
[White "Mayer,I"]
[Black "Gruz,J"]
[Result "1-0"]
[WhiteElo "2069"]
[BlackElo "1865"]

1.e4 c5 2.Nf3 d6 3.Bb5+ Bd7 4.Bc4 e6 5.Qe2 a6 6.c3 b5 7.Bb3 Nc6 8.d4 c4 9.Bc2 e5
10.h3 Nf6 11.b3 exd4 12.Nxd4 Nxd4 13.cxd4 cxb3 14.Bxb3 Bc6 15.d5 Bb7 16.O-O Be7
17.a4 Nd7 18.axb5 axb5 19.Rxa8 Qxa8 20.Bb2 O-O 21.Na3 Nc5 22.Bc2 b4 23.Nc4 b3
24.Bd3 Rc8 25.Nb6 Qb8 26.Nxc8 Qxc8 27.Bc4 Na4 28.Bd4 Bf6 29.Bxf6 gxf6 30.Qg4+ Qxg4
31.hxg4 Bc8 32.f3 Bd7 33.Bxb3  1-0

[Event "TCh-CAT 2012"]
[Site "Catalunya ESP"]
[Date "2012.02.04"]
[Round "2.7"]
[White "Randazzo,A"]
[Black "Vehi Bach,V"]
[Result "1/2-1/2"]
[WhiteElo "2302"]
[BlackElo "2358"]

1.e4 c5 2.Nf3 d6 3.Bb5+ Nd7 4.O-O a6 5.Bc4 e6 6.d3 Ngf6 7.a4 b6 8.Re1 Bb7
9.c3 Be7 10.Nbd2 O-O 11.Bb3 Ne5 12.Qe2 b5 13.Bc2 Qc7 14.Nf1 Rfe8 15.h3 Nxf3+
16.Qxf3 d5 17.Qg3 Qxg3 18.Nxg3 dxe4 19.dxe4 e5 20.Nf5 Bf8 21.Bg5 Re6 22.f3 h6
23.Be3 Ree8 24.Red1 Rad8 25.Kf2 Bc6 26.axb5 axb5 27.Ra6 Rxd1 28.Bxd1 Rc8
29.Be2 Nd7 30.b3 h5 31.g4 hxg4 32.hxg4 g6 33.Nh6+ Kg7 34.g5 Be7 35.Ng4 Bd8
36.c4 b4 37.Bc1 Kf8 38.Bb2 Bxg5 39.Nxe5 Nxe5 40.Bxe5 Be7 41.Rb6 f6 42.Rb8  1/2-1/2

[Event "Schachbundesliga 2011-12"]
[Site "Emsdetten GER"]
[Date "2012.02.04"]
[Round "8"]
[White "Glek,I"]
[Black "Rapport,R"]
[Result "1-0"]
[WhiteElo "2408"]
[BlackElo "2547"]

1.e4 c5 2.Nf3 d6 3.Bb5+ Nc6 4.O-O Bd7 5.Re1 a6 6.Bxc6 Bxc6 7.d4 cxd4 8.Nxd4 Nf6
9.Nxc6 bxc6 10.Qf3 e5 11.Bg5 Be7 12.Nd2 O-O 13.Nc4 Qc7 14.Ne3 Ne8 15.Bxe7 Qxe7
16.Rad1 Qe6 17.b3 Nf6 18.Rd2 Rfd8 19.Nc4 Ne8 20.Red1 f6 21.Qh3 Qe7 22.Qc3 c5
23.Qa5 Kf8 24.h3 g6 25.a3 Kg7 26.Rd3 h5 27.Qd2 Rab8 28.Nxd6 Nxd6 29.Rxd6 Qxd6
30.Qxd6 Rxd6 31.Rxd6 a5 32.Rd1 a4 33.Rb1 axb3 34.Rxb3 Ra8 35.f3 h4 36.Rb5 c4
37.Rb4 Rxa3 38.Rxc4 Kh6 39.Kf2 Kg5 40.g3 hxg3+ 41.Kxg3 f5 42.h4+ Kf6 43.Rc6+ Kf7
44.exf5 gxf5 45.c3 Kg7 46.h5 Kh7 47.Kh4 e4 48.fxe4 fxe4 49.Kg4 Ra5 50.Kf4 Rxh5
51.Kxe4 Kg7 52.Re6 Kf7 53.Re5 Rh8 54.Kd4 Rd8+ 55.Kc5 Rc8+ 56.Kb4 Kf6 57.Re3 Rb8+
58.Kc5 Rc8+ 59.Kd5 Kf5 60.c4 Rd8+ 61.Kc6 Rc8+ 62.Kb5 Rb8+ 63.Ka5 Rc8 64.Kb4 Rb8+
65.Kc3 Rc8 66.Re1 Kf6 67.Kb4 Rb8+ 68.Ka5 Rc8 69.Rc1 Ke6 70.Kb6 Kd7 71.Rd1+  1-0

[Event "ch-TUR 2012"]
[Site "Kemer TUR"]
[Date "2012.02.04"]
[Round "9"]
[White "Solak,D"]
[Black "Esen,B"]
[Result "1/2-1/2"]
[WhiteElo "2613"]
[BlackElo "2534"]

1.e4 c5 2.Nf3 d6 3.Bb5+ Nd7 4.d4 cxd4 5.Qxd4 a6 6.Bxd7+ Bxd7 7.Nc3 Rc8 8.O-O e5
9.Qd3 h6 10.Nd2 Nf6 11.Nc4 Be6 12.Ne3 Be7 13.Ncd5  1/2-1/2

[Event "ch-TUR 2012"]
[Site "Kemer TUR"]
[Date "2012.02.04"]
[Round "9"]
[White "Duman,A"]
[Black "Yurtseven,M"]
[Result "1-0"]
[WhiteElo "2220"]
[BlackElo "2160"]

1.e4 c5 2.Nf3 d6 3.Bb5+ Nc6 4.O-O Bd7 5.c3 a6 6.Bxc6 Bxc6 7.Re1 Nf6 8.d4 Bxe4
9.Bg5 Bd5 10.c4 Bxc4 11.Nc3 e6 12.b3 Bb5 13.Nxb5 axb5 14.Bxf6 gxf6 15.d5 e5
16.Nh4 Qd7 17.Qf3 Rg8 18.Nf5 Rg5 19.g4 h5 20.h3 b4 21.Qe4 hxg4 22.hxg4 Qxf5
23.Qxf5 Rxf5 24.gxf5 b5 25.Kg2 Kd7 26.Rh1 Kc7 27.Kf3 Kb6 28.Rh8 c4 29.Rc1 Kc5
30.Ke4 c3 31.Rc2 Rd8 32.f3 Rb8 33.Rg2 Ra8 34.Rgg8 Rxa2 35.Rxf8 Re2+ 36.Kd3 Rd2+
37.Ke3 Kxd5 38.Rb8 Kc6 39.Rhc8+ Kd7 40.Rf8 Ke7 41.Rbe8+ Kd7 42.Ra8 Rd1 43.Rxf7+ Kc6
44.Ra6+ Kd5 45.Rb7 Re1+ 46.Kf2 c2 47.Rxb5+ Kd4 48.Rxd6+ Kc3 49.Rc5+  1-0

[Event "Moscow Open 2012 A"]
[Site "Moscow RUS"]
[Date "2012.02.04"]
[Round "8.74"]
[White "Lugovskoy,M"]
[Black "Demianjuk,A"]
[Result "1/2-1/2"]
[WhiteElo "2376"]
[BlackElo "2313"]

1.e4 c5 2.Nf3 d6 3.Bb5+ Nd7 4.d4 cxd4 5.Qxd4 a6 6.Bxd7+ Bxd7 7.O-O Rc8 8.c4 e5
9.Qd3 Qc7 10.b3 b5 11.Na3 Qb7 12.Nc2 bxc4 13.bxc4 Nf6 14.Nd2 Be7 15.Rb1 Qa8
16.Ba3 O-O 17.Ne3 Rfd8 18.Rb6 Rb8 19.Rfb1 Rxb6 20.Rxb6 Qa7 21.Qb1 Bb5 22.Nf5 Bf8
23.Rxd6 Bxd6 24.Bxd6 g6 25.Ne7+ Kg7 26.cxb5 Rxd6 27.Nc8 Qd4 28.Nxd6 Qxd2
29.Nc4 Qc3 30.Ne3 axb5 31.Qxb5 Qa1+ 32.Nf1 Nxe4 33.Qe2 f5 34.g3 Ng5 35.h4 Ne6
36.Qc4 Nd4 37.Kg2 Qd1 38.Qc7+ Kh6 39.Qc3 f4 40.Nh2 Qe2 41.gxf4 Qe4+ 42.Kh3 Qf5+
43.Kg2 Qe4+ 44.Nf3 Nf5 45.Kh3 exf4 46.Nh2 Kh5 47.Qf3+ Qxf3+ 48.Nxf3 Nd6 49.a4 Nc4
50.Nd4 h6 51.Nc6 g5 52.f3 gxh4 53.a5 Kg5 54.a6 Nb6 55.Nb4 Na8 56.Nd3 Nc7
57.a7 Na8 58.Kg2 Kf5 59.Kf1 Ke6 60.Nxf4+ Kd6 61.Nd3 Kc6 62.f4 Kb7 63.Kg2 Nb6
64.f5 Nd7 65.Kh3 Kxa7 66.Kxh4 Nf6 67.Kg3 Kb6 68.Kf4 h5 69.Kg5 Ne4+ 70.Kf4 Nf6
71.Ke5 Ng4+ 72.Ke6 h4 73.Nf4 Nf2 74.Nd5+ Ka5 75.Nf4 h3 76.Nxh3 Nxh3 77.f6 Ng5+
78.Ke5 Kb6 79.Kf5 Nf7 80.Kg6 Ne5+ 81.Kf5 Nf7  1/2-1/2

[Event "34th Tringov Memorial"]
[Site "Plovdiv BUL"]
[Date "2012.02.04"]
[Round "8.20"]
[White "Vlashki,N"]
[Black "Georgiev,Kr"]
[Result "1-0"]
[WhiteElo "2235"]
[BlackElo "2424"]

1.e4 c5 2.Nf3 d6 3.Bb5+ Bd7 4.Bxd7+ Qxd7 5.c4 e5 6.Nc3 g6 7.a3 Bg7 8.b4 Nc6
9.d3 Nge7 10.Be3 Nd4 11.bxc5 dxc5 12.Nd5 Nec6 13.Nxd4 cxd4 14.Bd2 O-O 15.Bb4 Rfe8
16.g4 f5 17.gxf5 gxf5 18.Rg1 Kh8 19.exf5 e4 20.Qh5 exd3+ 21.Kf1 Re5 22.Rg5 Qe8
23.Bd6 Qxh5 24.Rxh5 Re4 25.Rd1 Rd8 26.Bc7 Rd7 27.f6 Bf8 28.Rxd3 b6 29.f3 Re8
30.f4 Bd6 31.Bxd6 Rxd6 32.Rdh3 Rd7 33.Ne7 Rexe7 34.fxe7 Rxe7 35.Rd5 Rf7 36.Ke2 Rxf4
37.Rd7 Kg8 38.Rhxh7 d3+ 39.Ke3 Rg4 40.Rc7 Ne5 41.Rhe7  1-0

[Event "ch-TUR 2012"]
[Site "Kemer TUR"]
[Date "2012.02.05"]
[Round "10"]
[White "Reyhan,Zeynel"]
[Black "Caner,Resul"]
[Result "1-0"]
[WhiteElo "1803"]
[BlackElo "1961"]

1.e4 c5 2.Nf3 d6 3.Bb5+ Bd7 4.Bxd7+ Qxd7 5.O-O Nc6 6.c4 g6 7.Nc3 Bg7 8.d3 e6
9.Be3 Nf6 10.h3 O-O 11.Rc1 Rac8 12.b3 b6 13.d4 e5 14.dxe5 dxe5 15.Qxd7 Nxd7
16.Rfd1 Nd4 17.Ne1 Rce8 18.Nc2 f5 19.f3 fxe4 20.fxe4 Nf6 21.g4 Rf7 22.Ne1 Ref8
23.Rd2 h5 24.g5 Ne8 25.Kg2 Nc7 26.Nd5 Nce6 27.h4 Nf4+ 28.Bxf4 exf4 29.Nf3 Re8
30.Re1 Nc6 31.Rde2 Nd4 32.Rd2 Ne6 33.Kf2 Rd8 34.Red1 Kf8 35.Rd3 Rfd7 36.Ke2 Nd4+
37.Nxd4 Bxd4 38.Kf3 Kg7 39.Kxf4 Rf7+ 40.Nf6 Bxf6 41.gxf6+ Rxf6+ 42.Kg5 Rdf8
43.Rd7+ R8f7 44.Rxf7+ Rxf7 45.Rd6 Re7 46.Rxg6+ Kh7 47.Rd6 Kg7 48.Kf5 Rf7+
49.Ke5 Re7+ 50.Kd5 Rf7 51.e5 Rf4 52.Rd7+ Kf8 53.Rxa7 Rxh4 54.Ke6 Rh1 55.Rf7+ Ke8
56.Rh7 Kf8 57.Kf6 Kg8 58.Rg7+ Kf8 59.Rb7 Rf1+ 60.Kg5 h4 61.Rxb6 h3 62.Rh6 Rf2
63.Rxh3 Rxa2 64.Kf6 Ra6+ 65.Kf5 Rb6 66.Ke4  1-0

[Event "Moscow Open 2012 A"]
[Site "Moscow RUS"]
[Date "2012.02.05"]
[Round "9.24"]
[White "Zemerov,V"]
[Black "Arun Prasad,S"]
[Result "0-1"]
[WhiteElo "2323"]
[BlackElo "2530"]

1.e4 c5 2.Nf3 d6 3.Bb5+ Nd7 4.d4 cxd4 5.Qxd4 a6 6.Bxd7+ Bxd7 7.Nc3 Rc8 8.Bg5 h6
9.Be3 e5 10.Qa7 Bc6 11.O-O-O Ra8 12.Qb6 Qxb6 13.Bxb6 Nf6 14.Rhe1 Rc8 15.Nd2 Bd7
16.Nf1 Be6 17.f3 Kd7 18.Ne3 Be7 19.Ned5 Nxd5 20.Nxd5 Bxd5 21.Rxd5 f5 22.b3 Rc6
23.Bf2 fxe4 24.fxe4 b5 25.Kb2 Rf8 26.Re2 Ke6 27.Rd1 Rf4 28.Bg3 Rg4 29.Be1 Bd8
30.Rd3 Bb6 31.c3 Bg1 32.Rg3 Rxg3 33.Bxg3 Rc7 34.Re1 Bc5 35.Re2 h5 36.h3 g5
37.Be1 Rf7 38.c4 bxc4 39.bxc4 Kd7 40.Kc2 Kc6 41.Kd3 g4 42.hxg4 hxg4 43.Bc3 Bf2
44.Rb2 Bb6 45.Re2 Bc5 46.a4 Rf8 47.Re1 g3 48.Re2 Bf2 49.a5 Rb8 50.Kc2 Rh8
51.Bb4 Rb8 52.Be1 Bxe1 53.Rxe1 Rb4 54.Re3 Rxc4+ 55.Kd2 Ra4 56.Ke2 Rxa5 57.Kf3 Rc5
58.Kxg3 a5 59.Kf3 a4 60.g4 Ra5 61.g5 a3 62.Re1 a2 63.Ra1 Kd7 64.Kg4 Ke6 65.Kh5 Ra3
66.Kg6 Ra4 67.Kg7 Rxe4 68.Rxa2 Rg4 69.g6 e4 70.Ra8 d5 71.Re8+ Kf5 72.Rf8+ Ke5
73.Kh6 d4 74.g7 d3 75.g8=Q Rxg8 76.Rxg8 e3 77.Kg5 e2  0-1

[Event "Moscow Open 2012 A"]
[Site "Moscow RUS"]
[Date "2012.02.05"]
[Round "9.32"]
[White "Chigaev,M"]
[Black "Tukhaev,A"]
[Result "0-1"]
[WhiteElo "2397"]
[BlackElo "2537"]

1.e4 c5 2.Nf3 d6 3.Bb5+ Nd7 4.d4 cxd4 5.Qxd4 a6 6.Bc4 Ngf6 7.Nc3 e6 8.Be3 Be7
9.O-O-O b5 10.Bb3 Bb7 11.Bg5 Nc5 12.e5 dxe5 13.Qxe5 Qb6 14.Nd4 Nxb3+ 15.axb3 Qc5
16.Qg3 O-O 17.Rhe1 Rfd8 18.Be3 Qb4 19.f3 Rac8 20.Kb1 Nd5 21.Nxd5 Rxd5 22.Rd3 Bf6
23.Red1 a5 24.Ne2 a4 25.Bd4 axb3 26.c3 Qe7 27.Nf4 Rxd4 28.cxd4 Qb4 29.Ne2 Qa4
30.Nc3 Qa5 31.Qd6 b4  0-1

[Event "Schachbundesliga 2011-12"]
[Site "Solingen GER"]
[Date "2012.02.05"]
[Round "9"]
[White "Jones,G"]
[Black "Bogner,S"]
[Result "0-1"]
[WhiteElo "2624"]
[BlackElo "2534"]

1.e4 c5 2.Nf3 d6 3.Bb5+ Bd7 4.Bxd7+ Qxd7 5.O-O Nf6 6.Qe2 Nc6 7.Rd1 Rc8 8.c3 e6
9.d3 Be7 10.Nbd2 O-O 11.Nf1 Qc7 12.Bf4 Nh5 13.Be3 Nf6 14.Ng3 d5 15.Bg5 Rfd8
16.Re1 h6 17.Bxf6 Bxf6 18.e5 Be7 19.Nh5 g6 20.Nf4 b5 21.h4 b4 22.Qc2 bxc3
23.bxc3 Bf8 24.Re2 Bg7 25.Rae1 Rb8 26.Nh3 d4 27.c4 Qa5 28.Rd1 Rb6 29.Qc1 Rdb8
30.Qf4 Rb2 31.Qe4 Rxe2 32.Qxe2 Qc3 33.Kh2 Qb2 34.Qe4 Qb7 35.Re1 Nb4 36.Qe2 Qa6
37.Rb1 Rb6 38.Rb2 Qb7 39.Ne1 Qa6 40.f4 Qa3 41.h5 gxh5 42.Rd2 Nc6 43.Nf3 Ne7
44.Nh4 Qc1 45.Nf2 Rb1 46.Kg3 Ng6 47.Nxg6 fxg6 48.Rd1 Rb2 49.Qf3 Qe3 50.Ne4 Qxf3+
51.Kxf3 Bf8 52.Rd2 Rb6 53.Nf2 Kf7 54.Nd1 Rb1 55.Ke2 g5 56.Kf3 Be7 57.Ke4 Kg6
58.f5+ exf5+ 59.Kd5 g4 60.Nb2 f4 61.Na4 h4 62.Ke6 Bg5 63.Nxc5 f3 64.Rc2 fxg2
65.Rxg2 h3 66.Rh2 Bf4 67.Rf2 h2 68.Rxf4 Rb6+ 69.Kd7 h1=Q 70.Rxg4+ Kh7 71.Re4 Qh5
72.Kc7 Qf7+ 73.Nd7 Ra6 74.e6 Qe7 75.c5 h5 76.c6 Kh8 77.Re5 h4 78.Kb7 Rb6+
79.Kc7 h3 80.Rh5+ Kg7 81.a4 Qxe6 82.Nxb6 Qf7+ 83.Kb8 Qxh5 84.c7 axb6 85.c8=Q Qh8  0-1

[Event "FSFMB February"]
[Site "Budapest HUN"]
[Date "2012.02.07"]
[Round "4.4"]
[White "Mayer,I"]
[Black "Kormos,Ladislav"]
[Result "0-1"]
[WhiteElo "2069"]
[BlackElo "1748"]

1.e4 c5 2.Nf3 d6 3.Bb5+ Nc6 4.O-O Bd7 5.Re1 Nf6 6.c3 a6 7.Bf1 Bg4 8.Na3 e6
9.Nc2 Be7 10.d4 cxd4 11.cxd4 O-O 12.Bf4 d5 13.e5 Ne4 14.Bd3 f5 15.exf6 Rxf6
16.Be5 Bxf3 17.gxf3 Nxe5 18.dxe5 Rg6+ 19.Kf1 Bc5 20.Ne3 Nxf2 21.Qc2 Nxd3
22.Qxd3 Qh4  0-1

[Event "11th Aeroflot Open B"]
[Site "Moscow RUS"]
[Date "2012.02.09"]
[Round "3"]
[White "Zhang Xiaowen"]
[Black "Can,E"]
[Result "0-1"]
[WhiteElo "2348"]
[BlackElo "2462"]

1.e4 c5 2.Nf3 d6 3.Bb5+ Bd7 4.Bxd7+ Qxd7 5.O-O Nf6 6.Re1 Nc6 7.c3 e6 8.d4 cxd4
9.cxd4 d5 10.e5 Ne4 11.Nbd2 Nxd2 12.Bxd2 Be7 13.Rc1 O-O 14.Rc3 Rfc8 15.a3 Qd8
16.Rb3 Rab8 17.Rd3 Na5 18.Bc3 b5 19.Nd2 Nc4 20.Rh3 g6 21.Qf3 Qf8 22.Qg4 Rc6
23.Qf4 Rbc8 24.Nxc4 Rxc4 25.Rf3 Bxa3 26.h4 b4 27.h5 bxc3 28.bxa3 c2 29.Rc1 Rb8
30.hxg6 hxg6 31.Kh2 Rb1 32.Rh3 Rxc1 33.Qxc1 Qg7 34.Qg5 Rc8 35.Qc1 g5 36.Rh5 Kf8
37.g4 Ke7 38.a4 Kd7 39.Rh3 Qf8 40.Rb3 Rc7 41.Kg2 Qc8 42.Rf3 Qg8 43.Rb3 Qh7
44.f3 Qh8 45.Rb2 Qc8 46.Kg3 Rc3 47.a5 Qc4 48.Rb7+ Kc6 49.Rxa7 Qxd4 50.Rxf7 Qxe5+
51.Kh3 Qe2 52.Kg3 Rd3 53.Qb2 Qe1+ 54.Kh3 Qh4+ 55.Kg2 Rd2+  0-1

[Event "TCh-CAT 2012"]
[Site "Catalunya ESP"]
[Date "2012.02.11"]
[Round "3.9"]
[White "Dickl,E"]
[Black "Ayas Fernandez,A"]
[Result "0-1"]
[WhiteElo "2193"]
[BlackElo "2286"]

1.e4 c5 2.Nf3 d6 3.Bb5+ Bd7 4.Bxd7+ Qxd7 5.c4 g6 6.O-O Bg7 7.Nc3 Nc6 8.a3 Nf6
9.Rb1 O-O 10.d3 Ng4 11.h3 Nge5 12.Be3 Nxf3+ 13.Qxf3 f5 14.exf5 gxf5 15.Rfd1 Kh8
16.Qg3 Rg8 17.Qh2 Raf8 18.Ne2 e5 19.f4 Nd4 20.Bxd4 cxd4 21.Kh1 Qc6 22.Qg1 Rf6
23.Qf2 Rg6 24.Kh2 exf4 25.Rg1 Be5 26.Qf3 Rxg2+  0-1

[Event "11th Aeroflot Open B"]
[Site "Moscow RUS"]
[Date "2012.02.11"]
[Round "5"]
[White "Kabanov,N"]
[Black "Padmini,R"]
[Result "1/2-1/2"]
[WhiteElo "2522"]
[BlackElo "2383"]

1.e4 c5 2.Nf3 d6 3.Bb5+ Nc6 4.Bxc6+ bxc6 5.O-O e5 6.c3 Nf6 7.d4 cxd4 8.cxd4 Nd7
9.Qc2 Bb7 10.Rd1 Qc8 11.Nbd2 Be7 12.Nc4 O-O 13.dxe5 dxe5 14.Nfxe5 Nxe5 15.Nxe5 Qe6
16.Bf4 c5 17.Re1 Rfd8 18.Qc4 Qf6 19.Bg3 Rd4 20.Qb3 Rb4 21.Qc2 Qe6 22.b3 a5
23.Rad1 a4 24.Nc4 Ba6 25.Rd5 axb3 26.axb3 Bxc4 27.bxc4 Qa6 28.Rd7 Bf8 29.Qd2 Qxc4
30.h3 h6 31.Rd8 Rxd8 32.Qxd8 Qe6 33.Qa8 Rd4 34.f3 Qd7 35.Kh2 Ra4 36.Qb8 Rb4
37.Qe5 Rd4 38.Qh5 Rd2 39.Rb1 Ra2 40.Bf4 Ra8 41.Rb6 c4 42.Qd5 Qxd5 43.exd5 Rd8
44.d6 c3  1/2-1/2

[Event "11th Aeroflot Open A"]
[Site "Moscow RUS"]
[Date "2012.02.11"]
[Round "5"]
[White "Al Modiahki,M"]
[Black "Pridorozhni,A"]
[Result "1/2-1/2"]
[WhiteElo "2567"]
[BlackElo "2555"]

1.e4 c5 2.Nf3 d6 3.Bb5+ Nd7 4.O-O a6 5.Bxd7+ Bxd7 6.d4 cxd4 7.Qxd4 e5 8.Qd3 Rc8
9.c4 Qc7 10.b3 b5 11.Nbd2 Nf6 12.Ba3 Be7 13.Rfc1 Bc6 14.cxb5 axb5 15.Rc2 Qd7
16.Rac1 Bb7 17.Rxc8+ Bxc8 18.Nf1 Bb7 19.Ng3 h5 20.h4 O-O 21.Nxe5 Qe6 22.Nc6 Bxc6
23.Rxc6 Ra8 24.Bb2 Rxa2 25.Rc2 b4 26.Bxf6 Rxc2 27.Qxc2 Qxf6 28.Nf5 g6 29.Nxe7+ Qxe7
30.Qc4 Qb7 31.Qd4 Qc6 32.Qxb4 Qc1+  1/2-1/2

[Event "4NCL 2011-12"]
[Site "Sunningdale ENG"]
[Date "2012.02.11"]
[Round "5.64"]
[White "Bisby,D"]
[Black "Eggleston,D"]
[Result "1/2-1/2"]
[WhiteElo "2264"]
[BlackElo "2367"]

1.e4 c5 2.Nf3 d6 3.Bb5+ Nc6 4.Bxc6+ bxc6 5.O-O e5 6.c3 g5 7.d4 g4 8.Nfd2 exd4
9.cxd4 cxd4 10.Nc4 c5 11.Re1 Be6 12.Nba3 Be7 13.b4 Nf6 14.bxc5 dxc5 15.Bh6 Nd7
16.Qa4 Rb8 17.Rab1 Rb4 18.Qc6 a6 19.Rxb4 cxb4 20.Nc2 d3 21.N2e3 Bxc4 22.Nxc4 Rg8
23.Ne5 Bg5 24.Bxg5 Rxg5 25.Nxd3 Rg6 26.Qd5 Rh6 27.g3 a5 28.Rd1 Qc7 29.Rc1 Qd8  1/2-1/2

[Event "TCh-BEL 2011-12"]
[Site "Belgium BEL"]
[Date "2012.02.12"]
[Round "8.5"]
[White "Tuncer,U"]
[Black "Piceu,T"]
[Result "1/2-1/2"]
[WhiteElo "2284"]
[BlackElo "2333"]

1.e4 c5 2.Nf3 d6 3.Bb5+ Nd7 4.d4 cxd4 5.Qxd4 a6 6.Bxd7+ Bxd7 7.Nc3 e5 8.Qd3 h6
9.Nd2 Nf6 10.Nc4 Be6 11.Ne3 Be7 12.O-O Rc8 13.Ncd5 Nxd5 14.Nxd5 Bxd5 15.Qxd5 Qd7
16.c4 Rc5 17.Qd3 b5 18.cxb5 Qxb5 19.Qg3  1/2-1/2

[Event "TCh-BEL 2011-12"]
[Site "Belgium BEL"]
[Date "2012.02.12"]
[Round "8.5"]
[White "Drabke,L"]
[Black "Kalka,A"]
[Result "0-1"]
[WhiteElo "2463"]
[BlackElo "2365"]

1.e4 c5 2.Nf3 d6 3.Bb5+ Bd7 4.Bxd7+ Qxd7 5.c4 Nf6 6.Nc3 Nc6 7.d4 cxd4 8.Nxd4 Nxd4
9.Qxd4 g6 10.Bg5 Bg7 11.O-O O-O 12.Qd3 Rfc8 13.b3 Qd8 14.Rac1 Qa5 15.Bh4 Re8
16.Rfe1 Rac8 17.Re2 Nh5 18.Nd5 e6 19.Ne7+ Rxe7 20.Bxe7 Nf4 21.Qd2 Nxe2+ 22.Qxe2 d5
23.exd5 exd5 24.Qg4 Qc7 25.Bd6 Qc6 26.Qf4 d4 27.Be5 Bxe5 28.Qxe5 Rd8 29.Rd1 d3
30.Qe3 Qf6 31.h3 Qd6 32.Qxa7 b6 33.Qb7 d2 34.Qe4 Kf8 35.Qe3 Kg8 36.g3 Qa3
37.Kf1 Qxa2 38.Qxb6 Qa8 39.Ke2 Re8+ 40.Kxd2 Rd8+ 41.Ke2 Qa2+ 42.Kf3 Rxd1
43.Qb8+ Kg7 44.Qe5+ Kf8 45.Qb8+ Ke7 46.Qe5+ Kd7 47.Qb5+ Kc8 48.Qc5+ Kd8 49.Qg5+ Kd7
50.Qb5+ Kc8 51.Qc5+ Kd8 52.Qg5+ f6 53.Qxf6+ Kd7 54.Qf7+ Kc6 55.Qe6+ Kc7 56.Qe5+ Kd7
57.Qb5+ Kc7 58.Qc5+ Kd8 59.Qf8+ Kd7 60.Qf7+ Kc8 61.Qe8+ Kc7 62.Qe5+ Kd7 63.Qb5+ Kd6
64.Qb8+ Ke7 65.Qe5+ Kf7 66.Qf4+ Ke6 67.Qg4+ Kd6 68.Qf4+ Kc6 69.Qe4+ Kb6 70.Qe3+ Ka6
71.Qe6+ Ka5 72.Qe5+ Kb4 73.Qe7+ Kxb3 74.Qxh7 Qa8+ 75.Kg4 Qe4+ 76.f4 Qf5+
77.Kh4 g5+  0-1

[Event "TCh-CZE Liga 1 Zapad"]
[Site "Czech Rep CZE"]
[Date "2012.02.12"]
[Round "8.6"]
[White "Schula,M"]
[Black "Klecker,T"]
[Result "1-0"]
[WhiteElo "2273"]
[BlackElo "2191"]

1.e4 c5 2.Nf3 d6 3.Bb5+ Nc6 4.O-O Bd7 5.c3 Nf6 6.Re1 a6 7.Bf1 g6 8.d4 cxd4
9.cxd4 Bg4 10.Nc3 Bg7 11.Be3 b5 12.Rc1 Na5 13.h3 Bc8 14.e5 dxe5 15.dxe5 Nd7
16.e6 O-O 17.exd7 Bxd7 18.Bd4 f6 19.Nd5 Nc4 20.Bxc4 bxc4 21.Bb6 Qb8 22.Rxe7 Bf5
23.Rxc4  1-0

[Event "Frauenbundesliga 2011-12"]
[Site "Germany GER"]
[Date "2012.02.12"]
[Round "9.6"]
[White "Wolf,Sy"]
[Black "Hodova,L"]
[Result "1/2-1/2"]
[WhiteElo "2073"]
[BlackElo "2128"]

1.e4 c5 2.Nf3 d6 3.Bb5+ Nd7 4.O-O Nf6 5.Re1 e5 6.c3 Be7 7.d4 O-O 8.Na3 h6
9.Bxd7 Nxd7 10.dxe5 Nxe5 11.Nxe5 dxe5 12.Qh5 Bg5 13.Nc4 Qe7 14.Bxg5 hxg5
15.Rad1 b5 16.Ne3 Be6 17.Nd5 Bxd5 18.exd5 f6 19.Qe2 a6 20.c4 bxc4 21.Qxc4 Qd6
22.Rc1 Rab8 23.b3 Rfd8 24.Red1 Rb5 25.Rd3 Rdb8 26.Qe4 Rb4 27.Qf5 Rd4 28.Rxd4 cxd4
29.Rc8+ Rxc8 30.Qxc8+  1/2-1/2

[Event "11th Aeroflot Open A"]
[Site "Moscow RUS"]
[Date "2012.02.12"]
[Round "6"]
[White "Zvjaginsev,V"]
[Black "Gajewski,G"]
[Result "1/2-1/2"]
[WhiteElo "2688"]
[BlackElo "2616"]

1.e4 c5 2.Nf3 d6 3.Bb5+ Bd7 4.Bxd7+ Qxd7 5.O-O Nf6 6.d3 e6 7.Bg5 Be7 8.Nbd2 Nc6
9.c3 O-O 10.Re1 h6 11.Bh4 Rfd8 12.d4 cxd4 13.Nxd4 Rac8 14.Nxc6 Qxc6 15.a4 Qb6
16.Qb3 Qxb3 17.Nxb3 g5 18.Bg3 d5 19.exd5 Rxd5 20.Be5 Nd7 21.Bd4 Nc5  1/2-1/2

[Event "TCh-SVK Extraliga 2011-12"]
[Site "Slovakia SVK"]
[Date "2012.02.12"]
[Round "8.8"]
[White "Janos,M"]
[Black "Straka,Joz"]
[Result "1/2-1/2"]
[WhiteElo "2252"]
[BlackElo "1993"]

1.e4 c5 2.Nf3 d6 3.Bb5+ Bd7 4.a4 Nc6 5.O-O a6 6.Be2 e6 7.Nc3 Nd4 8.Re1 Ne7
9.Bf1 g6 10.Nxd4 cxd4 11.Ne2 Bg7 12.c4 O-O 13.d3 Rc8 14.Qb3 Qc7 15.Bf4 e5
16.Bd2 Be6 17.Qa3 f5 18.Bb4 Rfd8 19.exf5 Nxf5 20.g3 Qf7 21.Bg2 Bh6 22.Ba5 Rd7
23.b3 Rf8 24.Rf1 Bg5 25.Qb2 Qg7 26.Bd2 Bxd2 27.Qxd2 Nh6 28.Rae1 Kh8 29.Nxd4 Bxc4
30.dxc4 exd4 31.Rd1 Nf5 32.Bh3 Rdf7 33.Bxf5 Rxf5 34.f4 d5 35.c5 d3 36.Qxd3 d4
37.Qxd4 Qxd4+ 38.Rxd4 Rxc5 39.Rd3 Re8 40.Rf2 Re7 41.Kg2 Kg7 42.Kf3 Rc1 43.h3 Rh1
44.h4 h5 45.Kg2 Rc1 46.f5 Rc6 47.Rd5 Rf7 48.fxg6 Rxf2+ 49.Kxf2 Kxg6 50.Ke3 Rb6
51.Rd3 Rb4 52.Rc3 Kf5 53.Kf3 Kg6 54.Rd3 Kf5 55.Kf2 Ke4 56.Rf3 Ke5 57.Ke2 Rd4
58.Rd3 Rb4 59.Kd2 Kf5 60.Kc3 Rg4 61.a5 Ke6 62.Kb2 Rg7 63.Ka3 Rg4 64.Rf3 Kd6
65.Rf5 Rxg3 66.Rxh5 Rg4 67.Rh6+ Kc7 68.h5 Rh4 69.Kb2 Kd7 70.Kc3 Kc7 71.Kd2 Rh3
72.Kc2 Kd7 73.b4 Kc7 74.Kb2 Kc8 75.Rh7 Kb8 76.Kc2 Kc8 77.h6 Kb8 78.Rh8+ Kc7
79.h7 Rh4 80.Kc3 Rh1 81.Kd3 Rh3+ 82.Ke4 Rh5 83.Kf4 Rh1 84.Kf3 Rh3+ 85.Ke4 Rh5
86.Kd4 Rh6 87.Ke5 Rh1 88.Ke6 Re1+ 89.Kd5 Rd1+ 90.Kc4 Rc1+ 91.Kb3 Rh1 92.b5 Rh3+
93.Kc2 axb5 94.a6 Kb6 95.axb7 Kxb7 96.Kb2 Rh4 97.Kb3 Rh3+ 98.Kb4 Rh5 99.Ka5 b4+
100.Kxb4 Kc7  1/2-1/2

[Event "TCh-SVK Extraliga 2011-12"]
[Site "Slovakia SVK"]
[Date "2012.02.12"]
[Round "8.7"]
[White "Zagrapan,P"]
[Black "Vlcek,S"]
[Result "0-1"]
[WhiteElo "2139"]
[BlackElo "2330"]

1.e4 c5 2.Nf3 d6 3.Bb5+ Bd7 4.Bxd7+ Qxd7 5.O-O Nc6 6.c3 Nf6 7.d4 cxd4 8.cxd4 d5
9.e5 Ne4 10.Re1 e6 11.Nbd2 Nxd2 12.Bxd2 Be7 13.Qb3 O-O 14.Rac1 Rfc8 15.a3 a6
16.Qd3 Qd8 17.Rc2 Qb6 18.Rec1 h6 19.h3 Rc7 20.Qe3 Rac8 21.Qd3 Bd8 22.b4 Be7
23.Be3 Na7 24.Ne1 a5 25.Rxc7 Rxc7 26.Rxc7 Qxc7 27.Nc2 axb4 28.axb4 Qc6 29.Bd2 Qa4
30.Kh2 Nc6 31.Qc3 Qb5 32.Kg1 Qe2 33.Be1 Bd8 34.Qc5 Nxd4 35.Qxd4 Qxc2 36.Bc3 Bg5
37.g3 Be7 38.Kg2 b5 39.Qe3 Qb3 40.Qd2 Qc4 41.f3 Bg5 42.Qd4 Qa2+ 43.Kf1 Qb1+
44.Be1 Qf5 45.Kg2 Qc2+ 46.Kf1 Be7 47.h4 h5 48.Bc3 Qh2 49.Qf2 Qh1+ 50.Ke2 Qb1
51.Qd4 Qc2+ 52.Kf1 Bf8 53.Qd2 Qb1+ 54.Kg2 Qb3 55.Qd4 Qc2+ 56.Qd2 Qb1 57.Qd4 Kh7
58.Qf4 Qc2+ 59.Qd2 Qf5 60.Kf2 Be7 61.Ke3 Bd8 62.Bd4 g5 63.hxg5 Qxg5+ 64.Ke2 Qxg3
65.Qd3+ Qg6 66.Qxb5 Qc2+ 67.Ke3 Bg5+ 68.f4 Qe4+  0-1

[Event "4NCL 2011-12"]
[Site "Sunningdale ENG"]
[Date "2012.02.12"]
[Round "6.46"]
[White "Merry,Alan B"]
[Black "Stewart,Joseph J"]
[Result "0-1"]
[WhiteElo "2100"]
[BlackElo "2101"]

1.e4 c5 2.Nf3 d6 3.Bb5+ Bd7 4.Bxd7+ Nxd7 5.c4 Ngf6 6.Nc3 g6 7.d4 cxd4 8.Nxd4 Bg7
9.O-O O-O 10.Rb1 a6 11.a4 Rc8 12.b3 Nc5 13.f3 Nfd7 14.Nde2 Ne5 15.Be3 Ne6
16.Kh1 Nc6 17.Qd2 Re8 18.Rfd1 Nb4 19.Nd5 Nxd5 20.Qxd5 Qc7 21.a5 Qc6 22.Bb6 Qxd5
23.exd5 Nc5 24.Kg1 Kf8 25.Kf1 Kg8 26.Rd2 Bh6 27.Rdd1 Kf8 28.Nc1 Bf4 29.Bxc5 dxc5
30.Ne2 Bc7 31.Ra1 Rcd8 32.Ng3 f5 33.Kf2 e6 34.dxe6 Rxe6 35.Rxd8+ Bxd8 36.Ne2 Rd6
37.Ke3 Bg5+ 38.f4 Bd8 39.Ra2 Rd1 40.Nc3 Rd6 41.Nd5 Ke8 42.b4 Re6+ 43.Kd3 cxb4
44.Nxb4 Kd7 45.Nd5 Kc6 46.Kc3 Kc5 47.Kd3 Re4 48.Ra4 Rd4+ 49.Kc3 Rd1 50.g3 Rh1
51.Nb6 Bxb6 52.axb6 Rxh2 53.Ra5+ Kxb6 54.Re5 Rh3 55.Kd4 Rxg3 56.Re6+ Ka7
57.Re7 Rf3 58.c5 Rxf4+ 59.Kd5 Rf1 60.Rxh7 Rd1+ 61.Ke6 Kb8 62.Rg7 f4 63.Rxg6 Kc7
64.Ke5 f3 65.Rf6 f2 66.Rxf2 Kc6 67.Rb2 Rd5+ 68.Ke4 Rxc5 69.Kd4 Rc1 70.Ra2 Kb6
71.Kd3 Ka7 72.Kd2 Rc6  0-1